01017nam a2200325 a 4500001000200000003000900002005001700011008003800028010000600066020001500072040002200087042000600109050000900115082000900124110002500133245004400158260005300202300002700255520007900282650002400361650002100385700001900406700001800425710002500443730005100468942001200519952010500531956003800636999001700674 DO-SdBNP20180215154109.0890810s1996 xx j 000 1 eng  a  a1570821909 aBPMSUcspadBPMSU a 00a b 00a 2  aWalt Disney Company.00aDumbo /cHelen Aberson and Harold Perl  aUnited States of America :bRollabooks,b c1996 a95 p. :bils ;c33 cm. aA little elephant uses his enormous ears to become the star of the circus. 1aElephantsxFiction. 1aCircusxFiction. aAberson, Helen aPerl, Harold 2 aWalt Disney Company.0 aWonderful world of Disney (Television program) 2ddccBK 00102ddc40708CI-GaBPMETbBPMETd2017-01-13eFUNDIl0pBPMSU17010017r2017-01-13w2017-01-13yBK aVMATEOb10c20170114dBPMSUf0069 c12448d12448